书目信息 |
| 题名: |
道不远人,德在人心
|
|
| 作者: | 王镇华 著 | |
| 分册: | ||
| 出版信息: | 北京 九州出版社 2016 |
|
| 页数: | 554页 | |
| 开本: | 23cm | |
| 丛书名: | ||
| 单 册: | ||
| 中图分类: | B2-53 | |
| 科图分类: | ||
| 主题词: | 哲学--zhe xue--中国--文集 | |
| 电子资源: | ||
| ISBN: | 978-7-5108-4544-4 | |
| 000 | 01121nam0 22002291 450 | |
| 001 | 0118172001 | |
| 005 | 20170618172001.0 | |
| 010 | @a978-7-5108-4544-4@b精装@dCNY98.00 | |
| 100 | @a20161020d2016 em y0chiy50 ea | |
| 101 | 0 | @achi |
| 102 | @aCN@b110000 | |
| 105 | @aa z 000yy | |
| 106 | @ar | |
| 200 | 1 | @a道不远人,德在人心@Adao bu yuan ren de zai ren xin@f王镇华著 |
| 210 | @a北京@c九州出版社@d2016 | |
| 215 | @a554页@c图@d23cm | |
| 330 | @a本书是作者14次讲座的结集,从文化传统、当代新文化、生活实践三方面,阐述《周易》、儒释道等中国文化的精华,比较中西文化;分析社会变迁、现代化、人格发展、礼乐生活、读书方法等至高至平、至小至大的问题;援引蒙特梭利幼儿教育理论,研究生命的成长过程;并对许多问题提供了建议:如何传延中国文化,如何由艺入道,如何在当下的现实环境中掌握自己的生命、活出中道、活出生命的光泽,如何实现一个人的完成?本书旨在以主体、德跟道,为中国文化招魂,为新文化催生,帮助中国人完成自我还原,回神立格,重建清明温暖的人间。 | |
| 606 | 0 | @a哲学@Azhe xue@y中国@j文集 |
| 690 | @aB2-53@v5 | |
| 701 | 0 | @a王镇华@Awang zhen hua@4著 |
| 801 | 0 | @aCN@bTANGWEI@c20170608 |
| 905 | @b1007941-3@dB2-53@e171@f3 | |
| 道不远人,德在人心/王镇华著.-北京:九州出版社,2016 |
| 554页:图;23cm |
| ISBN 978-7-5108-4544-4(精装):CNY98.00 |
| 本书是作者14次讲座的结集,从文化传统、当代新文化、生活实践三方面,阐述《周易》、儒释道等中国文化的精华,比较中西文化;分析社会变迁、现代化、人格发展、礼乐生活、读书方法等至高至平、至小至大的问题;援引蒙特梭利幼儿教育理论,研究生命的成长过程;并对许多问题提供了建议:如何传延中国文化,如何由艺入道,如何在当下的现实环境中掌握自己的生命、活出中道、活出生命的光泽,如何实现一个人的完成?本书旨在以主体、德跟道,为中国文化招魂,为新文化催生,帮助中国人完成自我还原,回神立格,重建清明温暖的人间。 |
| ● |
| 相关链接 |
|
|
|
|
正题名:道不远人,德在人心
索取号:B2-53/171
 
预约/预借
| 序号 | 登录号 | 条形码 | 馆藏地/架位号 | 状态 | 备注 |
| 1 | 1007941 | 210079412 | 第一样本阅览室/ [索取号:B2-53/171] | 在馆 | |
| 2 | 1007942 | 210079421 | 第一借阅区/ [索取号:B2-53/171] | 在馆 | |
| 3 | 1007943 | 210079430 | 教育系资料室/ [索取号:B2-53/171] | 在馆 |